000 00291nam a22001337a 4500
008 170619b xxu||||| |||| 00| 0 eng d
020 _a0865314586
041 _aeng
080 _a32
100 _a20
101 _aSHP
245 _aDEPENDENCY AND MARXISM
_cCHILCOTE,R.H
942 _2udc
_cBK
999 _c18039
_d18039